No Vowels Allowed - Statistics

General Stats
  • This quiz has been taken 2,667 times
  • The average score is 17 of 20
Answer Stats
Hint Hint Answer % Correct
RMSTRNG Walked on the moon Neil Armstrong
98%
SHKSPR Greatest playwrite ever William Shakespeare
98%
GNDH Father of India Mohandas Gandhi
97%
GGL Internet Giant Google
96%
CHNL First name Coco Coco Chanel
95%
MRCC Country in North Africa Morocco
95%
WLL WNK Loves Chocolate Willy Wonka
95%
RSVLT Won four presidential elections Franklin Delano Roosevelt
94%
YG Helps with flexibility Yoga
93%
LPHNT Some say they never forget Elephant
90%
CSR Populist Roman dictator Julius Caesar
90%
MZN A river and internet retailer Amazon
89%
KLHM South Central U.S. state Oklahoma
88%
MRTN Some like it on the rocks Martini
87%
PRH Media executive, actress, talk show host, producer and philanthropist Oprah Winfrey
80%
SRNM Capital is Paramaribo Suriname
78%
RHRT Dissapeared over the Pacific Amelia Earhart
73%
PPL Headquartered in Cupertino, California Apple
73%
THLL Play written by above Othello
69%
BM His friends call him Barry Obama
38%
No matching quizzes found
Score Distribution
Percent of People with Each Score
Percentile by Number Answered
Your Score History
You have not taken this quiz